Sports Quiz

Random Sports or MLB Quiz
Score 0/290 Timer 19:00
12 Plays Today
Year Player % Correct
2011Jose Bautista
90.6%
2012Jose Bautista
90.6%
2013Jose Bautista
90.5%
2014Jose Bautista
90.5%
2015Jose Bautista
90%
2016Jose Bautista
89.2%
2017Jose Bautista
87.1%
1991Joe Carter
86.7%
1997Joe Carter
86.7%
1996Joe Carter
86.7%
1995Joe Carter
86.7%
1994Joe Carter
86.7%
1993Joe Carter
86.7%
1992Joe Carter
86.7%
2009Roy Halladay
86.3%
2008Roy Halladay
86.3%
2007Roy Halladay
86.3%
2006Roy Halladay
86.3%
2005Roy Halladay
86.3%
2004Roy Halladay
86.3%
2003Roy Halladay
86.3%
2010Jose Bautista
85.7%
2016Josh Donaldson
85.3%
2015Josh Donaldson
84.9%
2014Edwin Encarnacion
84.9%
2009Vernon Wells
84.6%
2008Vernon Wells
84.6%
2007Vernon Wells
84.6%
2006Vernon Wells
84.6%
2005Vernon Wells
84.6%
2004Vernon Wells
84.6%
2003Vernon Wells
84.6%
2002Vernon Wells
84.6%
2010Vernon Wells
84.5%
2015Edwin Encarnacion
84.3%
2013Edwin Encarnacion
84.2%
2000David Wells
84%
2011Edwin Encarnacion
83.8%
2012Edwin Encarnacion
83.8%
2016Edwin Encarnacion
83.6%
2017Josh Donaldson
83.4%
2015Russell Martin
83.2%
2016Russell Martin
82.9%
2017Russell Martin
80.6%
2018Josh Donaldson
80.4%
1995Roberto Alomar
80.2%
1994Roberto Alomar
80.2%
1993Roberto Alomar
80.2%
1992Roberto Alomar
80.2%
1991Roberto Alomar
80.2%
2004Carlos Delgado
79.5%
2003Carlos Delgado
79.5%
2002Carlos Delgado
79.5%
2001Carlos Delgado
79.5%
2000Carlos Delgado
79.5%
1999Carlos Delgado
79.5%
1997Carlos Delgado
79.5%
1996Carlos Delgado
79.5%
1994Carlos Delgado
79.5%
2018Russell Martin
77.9%
2016Troy Tulowitzki
77.7%
2009Aaron Hill
75.4%
2008Aaron Hill
75.4%
2007Aaron Hill
75.4%
2006Aaron Hill
75.4%
2010Aaron Hill
75.3%
2017Troy Tulowitzki
74.6%
2013Jose Reyes
74.5%
2016Kevin Pillar
74.3%
2014Jose Reyes
73.9%
2019Marcus Stroman
72.6%
2015Kevin Pillar
72.5%
2016Marcus Stroman
72.3%
2017Kevin Pillar
72.2%
2015Jose Reyes
71.9%
2019Kevin Pillar
71.6%
2011Aaron Hill
71.5%
2012Kelly Johnson
71.5%
2019Justin Smoak
71.4%
1995Devon White
71.2%
1994Devon White
71.2%
1993Devon White
71.2%
1992Devon White
71.2%
1991Devon White
71.2%
2010Edwin Encarnacion
71%
1996John Olerud
70.6%
1995John Olerud
70.6%
1994John Olerud
70.6%
1992John Olerud
70.6%
1991John Olerud
70.6%
2018Kevin Pillar
69.5%
1998Roger Clemens
68.7%
2013R.A. Dickey
68.6%
2014R.A. Dickey
68.5%
2001Alex Gonzalez
68.1%
2000Alex Gonzalez
68.1%
1999Alex Gonzalez
68.1%
Year Player % Correct
1998Alex Gonzalez
68.1%
1997Alex Gonzalez
68.1%
1996Alex Gonzalez
68.1%
1995Alex Gonzalez
68.1%
1994Alex Gonzalez
68.1%
2010Alex Gonzalez
68%
2018Justin Smoak
68%
2007Reed Johnson
67.8%
2006Reed Johnson
67.8%
2004Reed Johnson
67.8%
1995Paul Molitor
66.6%
1994Paul Molitor
66.6%
1993Paul Molitor
66.6%
2009Adam Lind
66.5%
2010Adam Lind
66.5%
2011Adam Lind
65.3%
2012Adam Lind
65.3%
2013Adam Lind
64.5%
2008Shannon Stewart
61.5%
2003Shannon Stewart
61.5%
2002Shannon Stewart
61.5%
2001Shannon Stewart
61.5%
2000Shannon Stewart
61.5%
1999Shannon Stewart
61.5%
1998Shannon Stewart
61.5%
1999Tony Fernandez
61.4%
1998Tony Fernandez
61.4%
2015Devon Travis
61.2%
2009Lyle Overbay
61%
2008Lyle Overbay
61%
2007Lyle Overbay
61%
2006Lyle Overbay
61%
2010Lyle Overbay
61%
1999Shawn Green
60.8%
1998Shawn Green
60.8%
1997Shawn Green
60.8%
1996Shawn Green
60.8%
1995Shawn Green
60.8%
2017Devon Travis
60.2%
2019Teoscar Hernandez
60%
2009Alexis Rios
59.7%
2008Alexis Rios
59.7%
2007Alexis Rios
59.7%
2006Alexis Rios
59.7%
2017Kendrys Morales
58.7%
1994Pat Borders
58.6%
1993Pat Borders
58.6%
1992Pat Borders
58.6%
2012Brett Lawrie
58%
2008Frank Thomas
58%
2007Frank Thomas
58%
2013Melky Cabrera
57.7%
2014Melky Cabrera
57.1%
1992Kelly Gruber
56.9%
1991Kelly Gruber
56.9%
2014Brett Lawrie
56.8%
2018Devon Travis
56.4%
2011JP Arencibia
55.9%
2012JP Arencibia
55.9%
1999Pat Hentgen
55.8%
1997Pat Hentgen
55.8%
2011Rajai Davis
55.5%
2009Scott Rolen
55.3%
2013J.P. Arencibia
55%
2017Marco Estrada
54.7%
1992Dave Winfield
54.7%
2018Kendrys Morales
54.4%
2007Troy Glaus
53.9%
2006Troy Glaus
53.9%
1993Jack Morris
53.6%
1992Jack Morris
53.6%
1992Derek Bell
53.6%
1991Dave Stieb
53.2%
2011Ricky Romero
52.8%
2012Ricky Romero
52.8%
2019Randal Grichuk
52.3%
2012Colby Rasmus
51.9%
2016Ryan Goins
51.7%
2018J.A. Happ
51.5%
2011Yunel Escobar
51.1%
2012Yunel Escobar
51.1%
2013Colby Rasmus
51.1%
2014Colby Rasmus
49.9%
2008Gregg Zaun
49.7%
2007Gregg Zaun
49.7%
2005Gregg Zaun
49.7%
2006Bengie Molina
49.5%
1998Ed Sprague
49.2%
1997Ed Sprague
49.2%
1996Ed Sprague
49.2%
1995Ed Sprague
49.2%
1994Ed Sprague
49.2%
1993Ed Sprague
49.2%
2018Randal Grichuk
47.9%
1996Sandy Martinez
47.5%
1993Domingo Martinez
47.5%
2016Michael Saunders
47.5%
Year Player % Correct
1998Jose Canseco
47.4%
1995David Cone
47%
1992Manuel Lee
46.9%
1991Manuel Lee
46.9%
2001Tony Batista
46.5%
2000Tony Batista
46.5%
2010John Buck
46.2%
2014Dioner Navarro
46.2%
2016Chris Colabello
45.6%
2015Dioner Navarro
44.7%
2015Dalton Pompey
43.9%
2019Danny Jansen
43.9%
2002Jose Cruz
43.7%
2001Jose Cruz
43.7%
2000Jose Cruz
43.7%
1999Jose Cruz
43.7%
1998Jose Cruz
43.7%
2002Raul Mondesi
43.7%
2001Raul Mondesi
43.7%
2000Raul Mondesi
43.7%
2010Shaun Marcum
43.6%
1994Juan Guzman
43.5%
2019Brandon Drury
42.8%
2015Drew Hutchison
42.8%
2005Orlando Hudson
42.6%
2004Orlando Hudson
42.6%
2003Orlando Hudson
42.6%
2014Josh Thole
42.5%
1993Darrin Jackson
42.1%
2019Lourdes Gurriel Jr.
42%
2005Eric Hinske
41.7%
2004Eric Hinske
41.7%
2003Eric Hinske
41.7%
2002Eric Hinske
41.7%
2013Maicer Izturis
41.6%
2014Maicer Izturis
41.1%
2019Freddy Galvis
40.7%
2018Aledmys Diaz
40.5%
2009Travis Snider
40.2%
2010Travis Snider
40.1%
1991Mookie Wilson
40.1%
2009Marco Scutaro
38.6%
2008Marco Scutaro
38.6%
2002Chris Carpenter
38.2%
2017Steve Pearce
38%
2018Curtis Granderson
37.9%
2019Rowdy Tellez
37.7%
2011Travis Snider
37.7%
2002Darrin Fletcher
36.9%
2001Darrin Fletcher
36.9%
2000Darrin Fletcher
36.9%
1999Darrin Fletcher
36.9%
1998Darrin Fletcher
36.9%
2006Shea Hillenbrand
36.6%
2005Shea Hillenbrand
36.6%
2005Frank Catalanotto
35%
2003Frank Catalanotto
35%
2004Frank Catalanotto
35%
2017Ezequiel Carrera
34.8%
2002Homer Bush
34.7%
2001Homer Bush
34.7%
2000Homer Bush
34.7%
1999Homer Bush
34.7%
1997Otis Nixon
34.6%
1996Otis Nixon
34.6%
2009Rod Barajas
34.5%
2006Russ Adams
34.2%
2005Russ Adams
34.2%
2013Emilio Bonifacio
33.7%
2008David Eckstein
33.4%
1991Greg Myers
32.8%
2005Corey Koskie
31.3%
2001Brad Fullmer
30.6%
2000Brad Fullmer
30.6%
2012Eric Thames
30.6%
1997Carlos Garcia
30%
1997Benito Santiago
29.9%
2002Felipe Lopez
29.4%
2011Juan Rivera
27.8%
1991Rance Mulliniks
27.5%
2007Royce Clayton
26.6%
2004Josh Phelps
26.5%
2003Josh Phelps
26.5%
2001Esteban Loaiza
24.8%
2004Chris Woodward
24.4%
2003Chris Woodward
24.4%
1993Dick Schofield
23.2%
2004Kevin Cash
21.4%
1997Orlando Merced
21.3%
2003Ken Huckaby
21.1%
1996Domingo Cedeno
20.7%
1996Erik Hanson
20.6%
1998Mike Stanley
20.4%
1995Lance Parrish
20.1%
2005Gabe Gross
18.7%
1999Dave Hollins
18.2%
Come Together.
Have Fun.
All Virtual.
We all need to come together. Play Sporcle's virtual live trivia to have fun, connect with people, and get your trivia on. Join a live hosted trivia game for your favorite pub trivia experience done virtually. If a virtual private party is more your thing, go here for details.

You're not logged in!

Compare scores with friends on all Sporcle quizzes.
OR
Log In

Sporcle TV

Today on Sporcle TV


Watch our educational content, quiz creation guides, and fun videos on Sporcle TV.

Show Comments

Extras

Top Quizzes Today


Score Distribution

Paid Content

Your Account Isn't Verified!

In order to create a playlist on Sporcle, you need to verify the email address you used during registration. Go to your Sporcle Settings to finish the process.

Report this User

Report this user for behavior that violates our Community Guidelines.

Details: